| 000 | 01199nam0a22002891 4500 | ||
|---|---|---|---|
| 001 | v19\rc\1582021 | ||
| 005 | 20250618211837.0 | ||
| 035 | _a(NLR Aleph) 004708576 | ||
| 090 |
_a4167924 _c4167924 |
||
| 100 | _a20061002d1894 |||y0rusy50 ca | ||
| 101 | 1 |
_arus _cgre |
|
| 102 | _aRU | ||
| 105 | _ay z ||||| | ||
| 200 | 1 |
_aСв. первомученику Стефану похвала св. Астерия Амасийского _fПер. с греч. и прим. орд. проф. Моск. дух. акад. Митрофана Муретова |
|
| 210 |
_aСергиев посад _c2-я тип. А.И. Снегиревой _d1894 |
||
| 215 |
_a20 с. _d17 |
||
| 532 | 1 | 2 | _aСвятому первомученику Стефану похвала святого Астерия Амасийского |
| 700 | 0 |
_aАстерий _cеп. Амасийский _f-410 |
|
| 702 | 1 |
_aМуретов _bМ.Д. _f1851-1917 _gМитрофан Дмитриевич _4730 _4212 |
|
| 702 | 0 |
_aСтефан _cсв. апостол _4570 |
|
| 801 | 0 |
_aRU _bNLR _gpsbo |
|
| 801 | 0 |
_aRU _bRuMoRGB _2psbo |
|
| 801 | 1 |
_aRU _bProSoft-M _2rusmarc |
|
| 852 |
_aNLR _j20.97.5.31 |
||
| 899 | _aБАН | ||
| 942 | _cBOOK | ||
| 980 | _aNB | ||